000 00902nam0a22002771 4500
001 rc\4166
005 20260406095532.0
010 _a5-88063-019-6
_920000
035 _a(NLR Aleph) 005294395
090 _a6223682
_c6223682
100 _a20021204d1994 |||y0rusy50 ca
101 0 _arus
102 _aRU
105 _ay |||||||||
200 1 _aДвоевластие
_aНа изломе
_fЗарин А.Е.
210 _aМ.
_cФирма "Кронос"
_d1994
215 _a541, [2] с.
_d21
225 1 _aГей, славяне!
_eБиблиотека русского исторического романа
225 1 _aВсе ничего...
700 1 _8rus
_7ca
_aЗарин
_bА. Е.
_f1863-1929
_gАндрей Ефимович
_3RU\NLR\AUTH\7772597
_955525
801 0 _aRU
_bNLR
_gpsbo
801 1 _aRU
_bELAR
_2rusmarc
852 _aNLR
_j94-3/3982
942 _cBOOK
980 _aNB